Transforming place and belonging through action research, community practice, and public policy: comparing responses to NIMBYism /
Salvato in:
| Autore principale: | |
|---|---|
| Altri autori: | |
| Natura: | testo |
| Tags: |
Aggiungi Tag
Nessun Tag, puoi essere il primo ad aggiungerne!!
|
MARC
| LEADER | 00000 a a2200000 04500 | ||
|---|---|---|---|
| 001 | 45554 | ||
| 003 | |||
| 040 | |a CRAI/IIS |c CRAI/IIS | ||
| 100 | |a Abraham, Margaret | ||
| 245 | |a Transforming place and belonging through action research, community practice, and public policy: |b comparing responses to NIMBYism / |c Margaret Abraham and Gregory M Maney | ||
| 500 | |a margaret.abraham@hofstra.edu | ||
| 700 | |a Maney, Gregory M | ||
| 773 | |g volumen60, número2 (2012), páginas 178-201 | ||
| 999 | |c 18246 |d 18246 | ||
